000 00754cam a22002411 4500
001 af 48005200
003 DLC
005 20260227110912.0
008 800828s1944 gw b 000 0 ger c
010 _aaf 48005200
035 _a(OCoLC)6665130
040 _aYale Univ. Library
_cTxLT
_dDLC
042 _apremarc
050 0 0 _aPT1682.P6
_bJ3
100 0 _aWolfram,
_cvon Eschenbach,
_dactive 12th century.
245 1 0 _aParzival;
_beine Auswahl mit Anmerkungen und Wörterbuch
_cvon Hermann Jantzen.
260 _aBerlin,
_bW. De Gruyter,
_c1944.
300 _a127 p.
_c16 cm.
490 0 _aSammlung Göschen,
_vBd. 921
504 _aBibliography: p. 6-7, 10-11.
700 1 _aJantzen, Hermann,
_d1874-1933,
_eed.
730 0 _aPerceval (Romances, etc.)
999 _c6398
_d6398